000
00264nam a2200109Ia 4500
008
220204s9999 xx 000 0 und d
082
_a
912(084.4)(100)
_b
PHI
100
_a
Philip, G
245
0
_a
Library atlas
260
_a
London
_b
George Philip
_c
1981
942
_c
BK
999
_c
36428
_d
36428